000 00474nam a2200229Ia 4500
003 IT-RoPAU
008 120407s9999 xx 000 0 und d
040 _aIT-RoPAU
040 _cIT-RoPAU
041 _aita
100 _aFranco Costa
245 _aTu sei colui che ci ama.
250 _aRoma
260 _aAve
260 _c1978
300 _a163 p.
300 _c18,5 cm
490 _aGuidati dallo spirito, 1
490 _v1
942 _cBK
999 _c26680
_d26680